Readings in Philippine literature (Record no. 59282)

MARC details
000 -LEADER
fixed length control field 00578nam a22001817a 4500
005 - DATE AND TIME OF LATEST TRANSACTION
control field 20221115133758.0
040 ## - CATALOGING SOURCE
Transcribing agency urs
050 ## - LIBRARY OF CONGRESS CALL NUMBER
Classification number PL 6141 A38 1994
100 ## - MAIN ENTRY--PERSONAL NAME
9 (RLIN) 2971
Personal name Aguilar, Celedonio G.
Relator term author
245 ## - TITLE STATEMENT
Title Readings in Philippine literature
Statement of responsibility, etc Celedonio G. Aguilar
260 ## - PUBLICATION, DISTRIBUTION, ETC. (IMPRINT)
Place of publication, distribution, etc Manila
Name of publisher, distributor, etc Rex Book Store
Date of publication, distribution, etc 1994
336 ## - CONTENT TYPE
Source rdacontent
Content type term text
Content type code txt
337 ## - MEDIA TYPE
Source rdamedia
Media type term unmediated
Media type code nc
338 ## - CARRIER TYPE
Source rdacarrier
Carrier type term volume
Carrier type code n
650 #0 - SUBJECT ADDED ENTRY--TOPICAL TERM
9 (RLIN) 688
Topical term or geographic name as entry element Philippine literature
Form subdivision History and criticism.
650 #0 - SUBJECT ADDED ENTRY--TOPICAL TERM
9 (RLIN) 645
Topical term or geographic name as entry element Philippine literature
General subdivision Study and teaching.
942 ## - ADDED ENTRY ELEMENTS (KOHA)
Source of classification or shelving scheme Library of Congress Classification
Koha item type Filipiniana
Holdings
Withdrawn status Lost status Source of classification or shelving scheme Damaged status Not for loan Home library Current library Shelving location Date acquired Total Checkouts Full call number Barcode Date last seen Price effective from Koha item type
    Library of Congress Classification     Binangonan College Library Binangonan College Library Filipiniana Section 11/15/2022   PL 6141 A38 1994 URSBIN-648 11/15/2022 11/15/2022 Filipiniana
    Library of Congress Classification     Binangonan College Library Binangonan College Library Filipiniana Section 11/15/2022   PL 6141 A38 1994 URSBIN-649 11/15/2022 11/15/2022 Filipiniana

University of Rizal System
Email us at univlibservices@urs.edu.ph

Visit our Website www.urs.edu.ph/library